LEADER 01474nam 2200457 450 001 9910793067503321 005 20200520144314.0 010 $a1-4232-2135-4 035 $a(CKB)3710000001404163 035 $a(MiAaPQ)EBC4877092 035 $a(Au-PeEL)EBL4877092 035 $a(CaPaEBR)ebr11397742 035 $a(OCoLC)990550047 035 $a(BIP)045913678 035 $a(EXLCZ)993710000001404163 100 $a20190123d2013 uy 0 101 0 $aeng 135 $aurcnu|||||||| 181 $ctxt$2rdacontent 182 $cc$2rdamedia 183 $acr$2rdacarrier 200 00$aBiology terminology 210 1$a[Place of publication not identified] :$cBarCharts, Inc.,$d[2013] 215 $a1 online resource (6 pages) 225 1 $aQuick Study Academic 311 $a1-4232-2151-6 330 8 $aEssential terminology for Biology study pulled together in one guide to maximize success in College and High School courses. Succinct definitions by our resident Ph.D., Biology author and professor ensure the usefulness of this handy guide from high school to college. 410 0$aQuickStudy academic. 606 $aBiology$vTerminology 610 $aBIOLOGY 610 $aSCIENCE 615 0$aBiology 676 $a574.014 700 $aBrooks$b Randy$01477668 801 0$bMiAaPQ 801 1$bMiAaPQ 801 2$bMiAaPQ 906 $aBOOK 912 $a9910793067503321 996 $aBiology terminology$93838356 997 $aUNINA LEADER 01063nam0 22002891i 450 001 UON00130391 005 20231205102753.965 100 $a20020107d1988 |0itac50 ba 101 $abal 102 $aPK 105 $a|||| 1|||| 200 1 $aPurang$fMir Gulxan Nasir 210 $aQuetta$cBaluchi Academy$d1988 215 $a91 p.$d20 cm 606 $aLetteratura baluchi- Poesia$3UONC001657$2FI 620 $aPK$dQuetta$3UONL000284 686 $aSI VI G$cSUBCONT. INDIANO - LETTERATURA BALUCHI$2A 700 1$aNASIR$bGul-Xan$3UONV080118$0646902 712 $aBaluchi Academy$3UONV246324$4650 790 1$aNASIR, Gul Khan$zNASIR, Gul-Xan$3UONV023542 790 1$aNASIR, Mir Gulxan$zNASIR, Gul-Xan$3UONV080227 801 $aIT$bSOL$c20251024$gRICA 899 $aSIBA - SISTEMA BIBLIOTECARIO DI ATENEO$2UONSI 912 $aUON00130391 950 $aSIBA - SISTEMA BIBLIOTECARIO DI ATENEO$dSI SI VI G 021 $eSI SA 60645 5 021 996 $aPurang$91313025 997 $aUNIOR